| 000 | 01412nam a2200349 i 4500 | ||
|---|---|---|---|
| 001 | 45651 | ||
| 003 | Mx-PuUPA | ||
| 005 | 20260324161652.0 | ||
| 008 | 140415s2024 mx gr 001 0 spa d | ||
| 020 | _a9786074489255 | ||
| 040 |
_cMx-PuUPA _aMx-PuUPA _bspa _dMx-PuUPA _erda |
||
| 041 | 0 | _aspa | |
| 043 | _acl----- | ||
| 100 | 1 |
_aRoca Chiapas, José María de la, _eautor _917941 |
|
| 245 | 1 | 2 |
_aPsicología de la salud en Latinoamérica / _cJosé María de la Roca Chiapas, Leivy Patricia González Ramírez, José Eduardo Huerta Lépez ; editor responsable, Georgina Moreno Zarco |
| 250 | _a1a. edición | ||
| 264 | 1 |
_aCiudad de México : _bEditorial El Manual Moderno, _c©2024 |
|
| 300 |
_axi, 147 páginas : _bilustraciones (blanco y negro) ; _c23 cm |
||
| 336 |
_2rdacontent _atexto _btxt |
||
| 337 |
_2rdamedia _asin medio _bn |
||
| 338 |
_2rdacarrier _avolumen _bnc |
||
| 650 | 7 |
_2armarc _aPsicología de la salud _zAmérica Latina |
|
| 650 | 7 |
_2armarc _aPsicología clínica _xSalud |
|
| 650 | 7 |
_2armarc _aMedicina _xPsicología |
|
| 700 | 1 |
_aGonzález Ramírez, Leivy Patricia, _eautor |
|
| 700 | 1 |
_aHuerta Lépez, José Eduardo, _eautor |
|
| 700 | 1 |
_aMoreno Zarco, Georgina, _eeditor |
|
| 942 |
_2ddc _cLI _h616.098 _iR66 |
||
| 999 |
_c45651 _d45651 |
||